Las mil y una noches : antología /

Guardado en:
Autor Principal: Vernet, Juan
Formato: Libro
Publicado: Navarra : Salvat, 1970
Series:Biblioteca Básica Salvat
Materias:
Etiquetas: Agregar Etiqueta
Sin Etiquetas, Sea el primero en etiquetar este registro!
LEADER 00973nam a22002055a 4500
001 CEM.cems017624
005 20110704120002.0
008 130507s1970##################000#0#####d
003 CEMS
082 0 4 |a 892.7 
100 1 |a Vernet, Juan 
245 1 0 |a Las mil y una noches :  |b antología /  |c Edición y Prólogo de Juan Vernet 
260 |a Navarra :  |b Salvat,  |c 1970 
300 |a 185 p. 
490 0 |a Biblioteca Básica Salvat 
505 0 |a Historia de Harún al-Rasid con Chafar, la esclava y el imán Abu Yusuf -- Historia de Jalib b. Abd Allah al-Qasri y el joven ladrón -- Historia del caballo ébano -- Sindbad el marino -- Historia de Ahmad al-Danif y de Hasán Sumán con Dalila la Taimada y su hija Zaynab la Astuta -- Historia de Abu Qir y Abu Sir -- Historia de Abd Allah de la tierra y de Abd Allah del mar 
653 |a Literatura 
653 |a Literatura árabe 
653 |a Literatura árabe-antología 
859 |a CEMS  |b BIB. CEMS - Agricultura  |h 892.7  |i V595  |p A0568.04  |t Ej.1